000 00661nam a2200217 a 4500
001 32745
003 BD-RjUL
005 20211209051904.0
008 930225s1906 enk 000 0 eng d
035 _aCURL Interim file ISBN27
_a(BD-RjUL)32835
040 _aBD-RjUL
_beng
_cBD-RjUL
_dBD-RjUL
041 _aeng
082 _bKLR 1906
100 1 _aKlein, F. A.
_q(Frederick Augustus)
_999587
245 1 4 _aThe religion of Islam /
_cF.A. Klein.
260 _aLondon :
_bKegan Paul, Trench& Co. Ltd.,
_c1906.
300 _aviii, 241 p. ;
_c22 cm.
500 _aFacsim of: 1st ed. published London : H. Paul, 1906.
650 0 _aIslam.
_999588
942 _2ddc
_cBK
999 _c32745
_d32745